Juicy J Charting Songs (Billboard Hot 100) - Statistics

General Stats
  • This quiz has been taken 27 times
    4 since last reset
  • The average score is 11 of 14
Answer Stats
Album Weeks On Peak Artist(s) Song % Correct
Non-Album Single 23 Weeks #11 Mike WiLL Made-It ft. Miley Cyrus, Wiz Khalifa & Juicy J 23
100%
Stay Trippy 19 Weeks #74 Juicy J ft. Wale & Trey Songz Bounce It
100%
Prism 57 Weeks #1 (4 Weeks) Katy Perry ft. Juicy J Dark Horse
100%
Non-Album Single 23 Weeks #11 Usher ft. Juicy J I Don't Mind
100%
Non-Album Single 4 Weeks #19 Maejor Ali ft. Juicy J & Justin Bieber Lolly
100%
Non Fiction 20 Weeks #19 Ne-Yo ft. Juicy J She Knows
100%
Stay Trippy 20 Weeks #29 Juicy J ft. Lil Wayne & 2 Chainz Bandz a Make Her Dance
67%
Non-Album Single 13 Weeks #40 Ke$ha ft. will.i.am or Juicy J Crazy Kids
67%
SR3MM 17 Weeks #28 Rae Sremmurd & Juicy J Powerglide
67%
Teenage Mutant Ninja Turtles (2014) 3 Weeks #84 Juicy J, Wiz Khalifa & Ty Dolla $ign ft. Kill The Noise & Madsonik Shell Shocked
67%
Stay Trippy 8 Weeks #75 Juicy J ft. Big Sean & Young Jeezy Show Out
67%
Stranger Than Fiction 5 Weeks #37 Kevin Gates ft. Juicy J Thinking with My Dick
67%
Underground Luxury 20 Weeks #64 B.o.B ft. T.I. & Juicy J We Still In This Bitch
67%
Tycoon 3 Weeks #87 Ty Dolla $ign ft. Quavo & Juicy J Don't Kill the Party
33%
No matching quizzes found
Score Distribution
Percent of People with Each Score
Percentile by Number Answered
Your Score History
You have not taken this quiz since the last reset